00824nam a22002177a 450000100060000000300080000600500170001400800410003103500190007204000350009104100080012608200310013410000230016524501230018826000790031130000370039050200850042750400360051265000220054870000360057080739BD-RjUL20230524102742.0221109s2009 bg a|||| m||| 00| 0 eng d a(BD-RjUL)80739 aBD-RjULbengcBD-RjULdBD-RjUL aeng 223a371.81095492bULD 2009 aUllah, S. M. Akram10aDemocracy in Bangladesh :bRole of Student Politics (1972-2002) /cS. M. Akram Ullah ;6Supervisor : Md. Aminur Rahman aRajshahi :bInstitute of Bangladesh Studies, University of Rajshahi,c2009 ax, 177 leaves :bill, ;c29. cm. aThesis (Ph. D.) -- Institute of Bangladesh Studies, University of Rajshahi, 2009 aBibliography : Leaves 168 - 177 aStudent movements aRahman, Md. Aminur, Supervisor